Construction law reports, vol. 11 (Record no. 38534)

MARC details
000 -LEADER
fixed length control field 00665nam a2200181 a 4500
008 - FIXED-LENGTH DATA ELEMENTS--GENERAL INFORMATION
fixed length control field 120416s1988 ||||||||||||||||| || u
020 ## - INTERNATIONAL STANDARD BOOK NUMBER
International Standard Book Number 0851392024
050 ## - LIBRARY OF CONGRESS CALL NUMBER
Classification number KD 175.B8 Con
100 ## - MAIN ENTRY--PERSONAL NAME
Personal name Powell-Smith, Vincent
245 10 - TITLE STATEMENT
Title Construction law reports, vol. 11
Statement of responsibility, etc. edited by Michael Furmston
260 ## - PUBLICATION, DISTRIBUTION, ETC.
Place of publication, distribution, etc. London
Name of publisher, distributor, etc. The Architectural P
Date of publication, distribution, etc. 1988
300 ## - PHYSICAL DESCRIPTION
Extent vi, 152p.
350 ## - PRICE (NR) (BK AM CF MU VM SE) [OBSOLETE]
Price 0.00
650 ## - SUBJECT ADDED ENTRY--TOPICAL TERM
Topical term or geographic name entry element CONSTRUCTION
650 #0 - SUBJECT ADDED ENTRY--TOPICAL TERM
Topical term or geographic name entry element CONSTRUCTION INDUSTRY--LAW AND LEGISLATION
700 ## - ADDED ENTRY--PERSONAL NAME
Personal name Furmston, Michael
995 ## - RECOMMENDATION 995 [LOCAL, UNIMARC FRANCE]
-- 0.00
-- CBU-MAIN LIBRARY (Kitwe)
-- 1
-- 25.00
-- 1
-- AVAILABLE
-- Main Library Open Access Collection
Holdings
Withdrawn status Lost status Source of classification or shelving scheme Damaged status Not for loan Home library Current library Shelving location Date acquired Total Checkouts Full call number Barcode Date last seen Price effective from Koha item type
          CBU-MAIN LIBRARY, KITWE. CBU-MAIN LIBRARY, KITWE.   11/30/2022   KD 175.B8 Con 009498 11/30/2022 11/30/2022 MONOGRAPH